000 00576nam a22002177a 4500
003 UA-OsUOA
001 38881
007 ta
008 20060529b un ||||| |||| 00| 0 ukr d
100 _aМатяшовський Віктор
090 _a32
_bМ11
942 _cSA
040 _aUA-OsUOA
_bukr
_cUA-OsUOA
_dUA-OsUOA
245 _aЧи потрібна якість страховому ринку?
300 _a3 с.
955 _a0
041 _aukr
080 _a32
773 0 _w38880
_tУкраїна- business
_dК.
_d2006
_g18
650 7 _a32 Політика
_2UDC
999 _c325039
_d325039